000 00562nam a22002177a 4500
001 00260
003 DO-SdBNP
005 20180126105136.0
008 151209b 2001 nyu xxu||||| |||| 00| 0 spa d
020 _a0743427033
040 _aBPMSU
_bspa
_cBPMSU
092 _axxxxx
_bxxxxx
100 _aBrooke, Peggy
245 1 0 _aJake's orphan /
_cPeggy Brooke.
260 _aNew York :
_bAladdin Paperbacks,
_c2001.
300 _a266 p. ;
_c19 cm.
910 _a00260
942 _2ddc
_cBK
945 _aInventariado, 2018 / BT
956 _aLorenza Pérez
_b10
999 _c9064
_d9064